000 00441nam a2200169 a 4500
005 20140412111427.0
008 090715s19uu xx 00 eng d
020 _a0-439-44535-3
050 _aTR(PS E
_bTu84 2002
100 _aBerger, Melvin
245 _aTurtles /
_cMelvin and Gilda Berger.
260 _aU.S.A :
_bScholastic,
_c2002.
300 _a1v.unp.
650 _aTurtles - habitat
700 _aGilda Berger
999 _c106257
_d106257